00381nam a2200145Ia 4500082002100000100001700021245002000038250000800058260003300066300001000099650003200109650003900141650003500180650002000215 a344.032554 SHA-L aSharma, S.P; 0aLaw and poverty a2nd aNew DelhibS.P. Sharmac1990 a160p. aIndia - Economic conditions aSociological jurisprudence - India aLaw - Economic aspects - India aPoverty - India